| 000 | 00557nam a2200181Ia 4500 | ||
|---|---|---|---|
| 008 | 090630s9999 xx 000 0 und d | ||
| 082 | _b11051 | ||
| 100 | _aकाकडे द. स. | ||
| 245 |
_aसात एकर जमीन. _cकाकडे द. स. |
||
| 260 |
_bप्रिया. _c1987 |
||
| 300 | _a279 | ||
| 600 | _aकाकडे द. स. | ||
| 630 | _aसात एकर जमीन. | ||
| 655 | _aकादंबरी. | ||
| 700 | _aकाकडे द. स. | ||
| 730 | _aसात एकर जमीन. | ||
| 942 | _cBOOK | ||
| 999 |
_c262907 _d262907 |
||